00816nam a2200217 a 450000100060000000300090000600800410001502000150005604000280007108200170009924500260011625000060014226000380014830000110018650502760019759000470047365000250052065000240054594200120056999900170058119212CO-ViMGA141112s2004 ck r 000 u spa d a9586147436 aCO-ViMGAbspacCO-ViMGA04aR986.003 C6510aColombia a su alcance a2 aMadrid : bEditorial Espasa; 2001 a829 p. aDatos basicos : simbolos patrios Geografía Biodiversidad Historia Economía Organización del Estado colombiano : historia constitucional, constitucion de 1991 Literatura colombiana Tradiciones, Mitos y leyendas Arte Periodismo, Cine y deporte Gobiernos y gobernantes aForma de adquisición : Premio Mincultura14aCOLOMBIA - GEOGRAFIA14aCOLOMBIA - HISTORIA 2ddccBK c28374d28374